| 000 | 01393cam a2200325 a 4500 | ||
|---|---|---|---|
| 999 |
_c330881 _d330881 |
||
| 001 | 12947440 | ||
| 003 | NUST | ||
| 005 | 20180117090027.0 | ||
| 008 | 020927s2004 caua b 001 0 eng | ||
| 010 | _a 2002113771 | ||
| 020 | _a0534612679 | ||
| 040 |
_aDLC _cDLC _dDLC |
||
| 050 | 0 | 0 |
_aHM1086 _b.G748 2004 |
| 082 | 0 | 0 |
_a302/.14 COR _221 |
| 245 | 0 | 0 |
_aGroup techniques / _cGerald Corey ... [et al.]. |
| 250 | _a3rd ed. | ||
| 260 |
_aPacific Grove, CA : _bBrooks/Cole-Thomson Learning, _cc2004. |
||
| 300 |
_axvii, 200 p. : _bill. ; _c24 cm. |
||
| 504 | _aIncludes bibliographical references (p. 183-186) and index. | ||
| 650 | 0 |
_aGroup relations training. _94005 |
|
| 700 | 1 |
_aCorey, Gerald. _94006 |
|
| 856 | 4 | 2 |
_3Contributor biographical information _uhttp://www.loc.gov/catdir/enhancements/fy1103/2002113771-b.html |
| 856 | 4 | 2 |
_3Publisher description _uhttp://www.loc.gov/catdir/enhancements/fy1103/2002113771-d.html |
| 856 | 4 | 1 |
_3Table of contents only _uhttp://www.loc.gov/catdir/enhancements/fy1103/2002113771-t.html |
| 906 |
_a7 _bcbc _corigcop _d3 _encip _f20 _gy-gencatlg |
||
| 942 |
_2ddc _cBK |
||